000
00314nam a22001457a 4500
003
SGT
020
_a
9780323826624
082
_a
611
_b
N22H
100
_a
Hansen, John T.
245
_a
Netter's Clinical Anatomy
260
_a
Netherlands
_b
Elsevier
_c
2022
300
_a
573
650
_a
Anatomy
942
_2
ddc
_c
BK
999
_c
24788
_d
24788